ਗੁਰਮਤਿ ਵਿਚਾਰਧਾਰਾ ਸਿੱਖਾਂ ਦੀ ਭਗਤਮਾਲਾ ਦੇ ਸੰਦਰਭ ਵਿਚ / (Record no. 48772)

MARC details
000 -LEADER
fixed length control field 02411nam a22003377a 4500
005 - DATE AND TIME OF LATEST TRANSACTION
control field 20090825120337.0
008 - FIXED-LENGTH DATA ELEMENTS--GENERAL INFORMATION
fixed length control field 090728t xxu||||| |||| 00| 0 pun d
010 ## - LCCN (DPL NO)
LC control number PUN-6495 B-425765-769
020 ## - INTERNATIONAL STANDARD BOOK NUMBER
Terms of availability 140.00
International Standard Book Number 9789380210018
035 ## - SYSTEM CONTROL NUMBER
System control number PN-5613 B-425765-769
037 ## - SOURCE OF ACQUISITION
Source of stock number/acquisition DBAD / PUB
037 ## - SOURCE OF ACQUISITION
Source of stock number/acquisition k.k.publications(vendor)
040 ## - CATALOGING SOURCE
Original cataloging agency dpl
Language of cataloging pn
082 ## - DEWEY DECIMAL CLASSIFICATION NUMBER
Classification number 260
100 ## - MAIN ENTRY--PERSONAL NAME
9 (RLIN) 24414
Personal name ਮਲਕਿੰਦਰ ਕੋਰ
245 ## - TITLE STATEMENT
Title ਗੁਰਮਤਿ ਵਿਚਾਰਧਾਰਾ ਸਿੱਖਾਂ ਦੀ ਭਗਤਮਾਲਾ ਦੇ ਸੰਦਰਭ ਵਿਚ /
Statement of responsibility, etc ਮਲਕਿੰਦਰ ਕੋਰ
246 ## - VARYING FORM OF TITLE
Title proper/short title Gurmat Vichardhara Sikhan di bhagatmala de sandarbh vich
Remainder of title by Malkinder Kaur
260 ## - PUBLICATION, DISTRIBUTION, ETC. (IMPRINT)
Place of publication, distribution, etc ਪਟਿਆਲਾ
Name of publisher, distributor, etc ਗੁਰਮਤਿ ਪ੍ਰਕਾਸ਼ਨ
Date of publication, distribution, etc 2010
270 ## - ADDRESS
Address 13, ਫੇਜ਼-1, ਅਰਬਨ ਇਸਟੇਟ,
City ਪਟਿਆਲਾ
Telephone number 0175-2280226
Electronic mail address gurmatprakashan@yahoo.co.in
Postal code 147 002 (ਪੰਜਾਬ )
300 4# - PHYSICAL DESCRIPTION
Extent 109 ਸਫੇ
Dimensions 22 ਸੇਮੀ (ਸਜਿਲੱਦ)
650 ## - SUBJECT ADDED ENTRY--TOPICAL TERM
9 (RLIN) 24412
Topical term or geographic name as entry element ਗੁਰਬਾਣੀ
650 ## - SUBJECT ADDED ENTRY--TOPICAL TERM
Topical term or geographic name as entry element Sikh Riligious
9 (RLIN) 24431
942 ## - ADDED ENTRY ELEMENTS (KOHA)
Source of classification or shelving scheme Dewey Decimal Classification
Item type Punjabi Bks
Classification part 260
Call number suffix ਮਲਕਿ
Holdings
Withdrawn status Lost status Source of classification or shelving scheme Damaged status Not for loan Collection code Home library Current library Date acquired Source of acquisition Cost, normal purchase price Total Checkouts Full call number Barcode Date last seen Copy number Cost, replacement price Koha item type
    Dewey Decimal Classification     Non-fiction Central Library Central Library 18/04/2011 k.k.publications/121/11.3.11/77/4.3.11/28.3.11 140.00   260 ਮਲਕਿ B-425765 18/04/2011 1 140.00 Punjabi Bks
    Dewey Decimal Classification     Non-fiction D.B.Act.Division D.B.Act.Division 24/11/2010 DBAD/PUB 140.00   260 ਮਲਕਿ PN-5613 24/11/2010 1 140.00 Punjabi Bks
    Dewey Decimal Classification     Non-fiction Karol Bagh Karol Bagh 18/04/2011 k.k.publications/121/11.3.11/77/4.3.11/28.3.11 140.00   260 ਮਲਕਿ B-425768 18/04/2011 1 140.00 Punjabi Bks
    Dewey Decimal Classification     Non-fiction Patel Nagar Patel Nagar 18/04/2011 k.k.publications/121/11.3.11/77/4.3.11/28.3.11 140.00   260 ਮਲਕਿ B-425766 18/04/2011 1 140.00 Punjabi Bks
    Dewey Decimal Classification     Non-fiction Sarojini Nagar Sarojini Nagar 18/04/2011 k.k.publications/121/11.3.11/77/4.3.11/28.3.11 140.00   260 ਮਲਕਿ B-425767 18/04/2011 1 140.00 Punjabi Bks
    Dewey Decimal Classification     Non-fiction Shahdara Branch Shahdara Branch 18/04/2011 k.k.publications/121/11.3.11/77/4.3.11/28.3.11 140.00   260 ਮਲਕਿ B-425769 18/04/2011 1 140.00 Punjabi Bks

© Delhi Public Library
Hit Counter
free hit counter